Statistics for European possessions all around the world

Click here to take the quiz!

General Stats

  • This quiz has been taken 364 times
  • The average score is 7 of 20

Answer Stats

Hint Answer % Correct
Biggest island in the worldGreenland
96%
It borders Suriname and BrazilFrench Guiana
66%
Its sovereignity caused a war in 1982Falkland Islands
66%
Northern part of a famous triangleBermuda
66%
Oranjestad is its capitalAruba
49%
Only border between France and the NetherlandsSaint Martin / Sint Maarten
47%
Autonomous cities in North Africa (name one)Ceuta / Melilla
44%
Paul Gauguin travelled to this islandTahiti
36%
Funchal is its biggest cityMadeira
33%
Offshore financial centre. An US territory has similar name.British Virgin Islands
32%
Previously known as Île BourbonRéunion
31%
Its unofficial flag has four snakesMartinique
26%
This island is also claimed by the ComorosMayotte
24%
Former footballer Lilian Thuram was borned hereGuadeloupe
22%
Guanches live hereCanary Islands
19%
Its name derives from de word "eel" in Romance languagesAnguilla
14%
British Bases in an EU countryAkrotiri and Dhekelia
13%
The Emerald Isle of the CaribbeanMontserrat
12%
Sadly known because of North African immigrationLampedusa
10%
It is the most remote inhabited archipelago in the worldTristan da Cunha
9%

Score Distribution

Percentile by Number Answered

Percent of People with Each Score

Your Score History

You have not taken this quiz